02045nam a2200385Ic 450000100060000000300100000600500170001600700030003300800410003602000150007702000180009204000350011004100130014508200180015810000490017624501090022525000220033426400520035630000180040833600270042633700330045333800280048652006530051452100410116753400210120854500550122965000440128465000410132865000340136970000470140370000510145094200120150199900170151395201290153060865CO-BoRNBP20260413212652.0ta210826s2017 ck er 000 0dspa d a9584263528 a9789584263520 aCO-BoRNBPbspaerdacCO-BoRNBP1 aspaheng04a901bC17q22210aCarr, Edward Hallett,d1892-1982eaut96964411a¿Qué es la historia? /cE. H. Carr ; traducción de Joaquín Romero Maura y Horacio Vázquez Rial. aPrimera edición 1aBogotá, Colombia :bPlaneta Colombiana,c2017 a220 páginas atextobtxt2rdacontent asin mediaciónbn2rdamedia avolumenbnc2rdacarrier aDesde su publicación por vez primera en 1961, ¿Qué es la historia? de E. H. Carr, se ha confirmado como un clásico de introducción a la materia. Abrazando temas que van desde la objetividad histórica, la sociedad y el individuo y la naturaleza de la causalidad hasta la posibilidad de progreso, Carr nos ofrece un ingenioso e incisivo texto que aún hoy conserva el poder de provocar la controversia. Para esta nueva edición Richard J. Evans ha escrito una extensa introducción en la que expone los orígenes y el impacto de la obra, y confirma su importancia en la era del postmodernismo y el anhelo epistemológico del siglo XXI aRecomendado para un público adulto tWhat is history? aIncluye datos biográficos del autor en la solapa07aFilosofía de la historia2lemb91113117aGeografía histórica2lemb94365017aHistoriografía2lemb9676631 aRomero Maura, Joaquínd1940-etrl9696451 aVázquez Rial, Horaciod1947-2012etrl969646 2ddccBK c60865d60865 00102ddc40708GENaMEMAPJGAbMEMAPJGAcGENd2026-04-13l0o901 C17qpMPJG01170r2026-04-13 21:30:47tEj.1w2026-04-13yBK